| 000 | 00581nam a22001697a 4500 | ||
|---|---|---|---|
| 003 | OSt | ||
| 005 | 20140310182948.0 | ||
| 008 | 130205t xxu||||| |||| 00| 0 eng d | ||
| 050 |
_aHF 5625.15 _bEv92 2008 |
||
| 100 | _aEvangelista, Rosalinda D. | ||
| 245 |
_aCode of ethics for professional accountants in the Philippines & Code of Corporate Governance : with multiple choice questions / _cRosalinda D. Evangelista |
||
| 260 |
_aManila : _bConanan Educational Supply, _c2008. |
||
| 300 |
_a235 p. : _bill. ; _c23 cm. |
||
| 521 | _aBSA | ||
| 942 |
_2lcc _cBK _kLOC |
||
| 999 |
_c17842 _d17842 |
||